Edinburgh airport destinations - Statistics

General Stats
  • This quiz has been taken 45 times
    29 since last reset
  • The average score is 78 of 141
Answer Stats
Hint Answer % Correct
Netherlands Amsterdam
96%
Northern Ireland Belfast
96%
Republic of Ireland Dublin
96%
England London
96%
Poland Warsaw
96%
Spain Barcelona
92%
Germany Berlin
92%
England Birmingham
92%
Portugal Lisbon
92%
USA New York
92%
Norway Oslo
92%
Greece Athens
88%
Switzerland Geneva
88%
UK Isle of Man
88%
Spain Madrid
88%
Italy Rome
88%
Denmark Copenhagen
83%
Republic of Ireland Cork
83%
France Marseille
83%
France Paris
83%
Portugal Porto
83%
Czech Republic Prague
83%
Sweden Stockholm
83%
Canada Toronto
83%
Austria Vienna
83%
Spain Alicante
79%
Slovakia Bratislava
79%
Belgium Brussels
79%
Hungary Budapest
79%
Wales Cardiff
79%
Turkey Istanbul
79%
Italy MIlan
79%
Germany Munich
79%
Iceland Reykjavik
79%
Bulgaria Sofia
79%
Romania Bucharest
75%
Germany Frankfurt
75%
England Manchester
75%
Italy Naples
75%
USA Washington
75%
Switzerland Zurich
75%
USA Boston
71%
England Bristol
71%
Italy Florence
71%
Poland Gdansk
71%
Finland Helsinki
71%
France Nice
71%
Spain Tenerife
71%
Italy Venice
71%
France Bordeaux
67%
USA Chicago
67%
Germany Dusseldorf
67%
Poland Krakow
67%
Spain Malaga
67%
Malta Malta
67%
Morocco Marrakech
67%
Latvia Riga
67%
Netherlands Rotterdam
67%
Spain Seville
67%
Estonia Tallin
67%
Italy Turin
67%
Spain Valencia
67%
Turkey Antalya
63%
Norway Bergen
63%
Portugal Faro
63%
Sweden Gothenburg
63%
Germany Hamburg
63%
France Lyon
63%
France Toulouse
63%
USA Atlanta
58%
Qatar Doha
58%
Croatia Dubrovnik
58%
Republic of Ireland Shannon
58%
England Southampton
58%
Croatia Split
58%
Canada Calgary
54%
Greece Corfu
54%
Northern Ireland Londonderry
54%
Spain Palma
54%
Mexico Cancun
50%
Turkey Izmir
50%
Cyprus Larnaca
50%
Italy Verona
50%
Italy Bologna
46%
Germany Cologne
46%
Spain Gran Canaria
46%
Austria Innsbruck
46%
UK Jersey
46%
Italy Palermo
46%
Austria Salzburg
46%
Poland Wroclaw
46%
Switzerland Basel
42%
Denmark Billund
42%
Greece Heraklion
42%
Spain Ibiza
42%
Spain Lanzarote
42%
Spain Menorca
42%
Italy Pisa
42%
Greece Rhodes
42%
Norway Stavanger
42%
Netherlands Eindhoven
38%
USA Orlando
38%
Cyprus Paphos
38%
Italy Bari
33%
England Exeter
33%
UK Guernsey
33%
Poland Katowice
33%
Lithuania Kaunas
33%
Scotland Kirkwall
33%
Poland Poznan
33%
Scotland Stornoway
33%
Greece Thessaloniki
33%
Greece Zakynthos
33%
Turkey Bodrum
29%
Bulgaria Burgas
29%
Turkey Dalaman
29%
Greece Kos
29%
France Nantes
29%
Greece Santorini
29%
Italy Catania
25%
France Grenoble
25%
Greece Kefalonia
25%
Spain Santander
25%
Spain Santiago De Compostela
25%
England Bournemouth
21%
Spain Fuerteventura
21%
Portugal Madeira
21%
Croatia Zadar
21%
UK Gibraltar
17%
England Newquay
17%
Spain Reus
17%
France Carcassonne
13%
Greece Skiathos
13%
Scotland Sumburgh
8%
France Chambery
4%
France NImes
4%
Greece Preveza
4%
France Beziers
0%
Denmark Faroe Islands
0%
France Poitiers
0%
Republic of Ireland West Knock
0%
No matching quizzes found
Score Distribution
Percent of People with Each Score
Percentile by Number Answered
Your Score History
You have not taken this quiz since the last reset